000 00951nam a2200289 i 4500
001 000047783
003 DO-SdBNP
005 20241004094349.0
007 ta
008 240410s2019 dr a r 000 0 spa d
040 _aDO-SdBNP
_bspa
_cBNPHU
_erda
082 _a303.48
_bM351p
_222
100 1 _aMármol, José,
_d1960
_eautor
_986670
245 1 0 _aPosmodernidad, identidad y poder digital :
_blas nuevas estrategias de vida y sus angustias /
_cJosé Mármol ; Iván Tovar
264 _aSanto Domingo :
_bBartleby Editores,
_c2019
300 _a263 páginas ;
_c21 cm.
336 _ardacontent
_btexto
_2txt
337 _ardamedia
_bsin mediación
_2n
338 _brdacarrier
_0volumen
_2nc
590 _aInventariado, 2023 / DG
650 4 _aCambio social
_914827
650 4 _aDesarrollo científico y tecnológico
_98576
650 4 _aPostmodernismo
_920721
700 _aTovar, Iván
_eIlustración
_93222
910 _aDG
942 _2ddc
_cLBS1
999 _c57753
_d57753